| 000 -LEADER |
| fixed length control field |
01010cam a2200241 i 4500 |
| 001 - CONTROL NUMBER |
| control field |
21534088 |
| 005 - DATE AND TIME OF LATEST TRANSACTION |
| control field |
20221106104748.0 |
| 006 - FIXED-LENGTH DATA ELEMENTS--ADDITIONAL MATERIAL CHARACTERISTICS |
| fixed length control field |
m |o d | |
| 007 - PHYSICAL DESCRIPTION FIXED FIELD--GENERAL INFORMATION |
| fixed length control field |
cr ||||||||||| |
| 008 - FIXED-LENGTH DATA ELEMENTS--GENERAL INFORMATION |
| fixed length control field |
200515s2021 enk ob 001 0 eng |
| 020 ## - INTERNATIONAL STANDARD BOOK NUMBER |
| International Standard Book Number |
9780367349745x |
| 080 ## - UNIVERSAL DECIMAL CLASSIFICATION NUMBER |
| Universal Decimal Classification number |
374.33 H-66 |
| 100 1# - MAIN ENTRY--PERSONAL NAME |
| Personal name |
Hillman, Daniel |
| 9 (RLIN) |
12593 |
| 245 10 - TITLE STATEMENT |
| Title |
Best practices for administering online programs / |
| Statement of responsibility, etc. |
Daniel Hillman, Robert Schudy, Anatoly Temkin. |
| 264 #1 - PRODUCTION, PUBLICATION, DISTRIBUTION, MANUFACTURE, AND COPYRIGHT NOTICE |
| Place of production, publication, distribution, manufacture |
New York, NY : |
| Name of producer, publisher, distributor, manufacturer |
Routledge/Taylor & Francis Group, |
| Date of production, publication, distribution, manufacture, or copyright notice |
2021. |
| 300 ## - PHYSICAL DESCRIPTION |
| Extent |
205 p. |
| Other physical details |
23 cm. |
| 490 0# - SERIES STATEMENT |
| Series statement |
Best practices in online teaching and learning |
| 653 ## - INDEX TERM--UNCONTROLLED |
| keyword |
საუკეთესო პრაქტიკა ონლაინ პროგრამების ადმინისტრირებისთვის |
| 653 ## - INDEX TERM--UNCONTROLLED |
| keyword |
ვებ დაფუძნებული ინსტრუქცია |
| 700 1# - ADDED ENTRY--PERSONAL NAME |
| Personal name |
Schudy, Robert, |
| Relator term |
ავტორი |
| 9 (RLIN) |
12594 |
| 700 1# - ADDED ENTRY--PERSONAL NAME |
| Personal name |
Temkin, Anatoly, |
| Relator term |
ავტორი |
| 9 (RLIN) |
12595 |
| 942 ## - ADDED ENTRY ELEMENTS (KOHA) |
| Source of classification or shelving scheme |
|
| Koha item type |
წიგნი |